ბათუმის შოთა რუსთაველის სახელმწიფო უნივერსიტეტის ბიბლიოთეკა

ჯემალ ნოღაიდელი - წერილები წარსულიდან / (ბიბ.ჩანაწერი № 50957)

000 -ლიდერი
ფიქსირებული სიგრძის საკონტროლო ველი 01389nam a2200253Ia 4500
001 - საკონტროლო ნომერი
საკონტროლო ველი 17914
003 - საკონტროლო ნომრის იდენტიფიკატორი
საკონტროლო ველი GE_BSU
005 - ბოლო ოპერაციის თარიღი და დრო
საკონტროლო ველი 20230620103504.0
008 - ფიქსირებული სიგრძის მონაცემთა ელემენტები - ზოგადი ინფორმაცია
ფიქსირებული სიგრძის საკონტროლო ველი 181216s2014||||ge |||||||||||||| ||geo||
020 ## - წიგნის საერთაშორისო სტანდარტული ნომერი
International Standard Book Number 9789941434891
040 ## - კატალოგიზაციის წყარო
Transcribing agency GE_BSU
041 ## - ენის კოდი
Language code of text/sound track or separate title geo
080 ## - უნივერსალური ათობითი კლასიფიკაციის ინდექსი
Universal Decimal Classification number 39(479.22)(092)+821.353.1-94 ნ-89
100 ## - მთავარი ჩანაწერი - პიროვნების სახელი
Personal name ნოღაიდელი, ნ. (ნანული)
9 (RLIN) 18820
245 ## - ცნობა სათაურის შესახებ
Title ჯემალ ნოღაიდელი - წერილები წარსულიდან /
Remainder of title
Statement of responsibility, etc ნანული ნოღაიდელი ; რედ. შუშანა ფუტკარაძე ; ბათუმის შოთა რუსთაველის სახელმწ. უნ-ტი, ნიკო ბერძენიშვილის ინ-ტი.
264 ## - წარმოების, გამოცემის, დისტრიბუციის და სხვა ცნობები
გამოცემის, წარმოების, დისტრიბუციის... ადგილი ბათუმი :
გამოცემის, წარმოების, დისტრიბუციის... სახელწოდება ბათუმის შოთა რუსთაველის სახელმწ. უნ-ტი,
გამოცემის, წარმოების, დისტრიბუციის... თარიღი 2014.
300 ## - ფიზიკური აღწერა
Extent 62 გვ.:
Other physical details 1ფ. პორტრ.;
Dimensions 19 სმ.
653 ## - INDEX TERM--UNCONTROLLED
Uncontrolled term ჯემალ ნოღაიდელი
653 ## - INDEX TERM--UNCONTROLLED
Uncontrolled term ქართველი ეთნოგრაფები
700 ## - ADDED ENTRY--PERSONAL NAME
Personal name ფუტკარაძე, შუშანა
Relator term რედაქტორი
9 (RLIN) 1978
710 ## - ADDED ENTRY--CORPORATE NAME
Corporate name or jurisdiction name as entry element ბსუ.
Subordinate unit ნიკო ბერძენიშვილის ინ-ტი.
9 (RLIN) 18821
942 ## - ADDED ENTRY ELEMENTS (KOHA)
Koha item type წიგნი
Source of classification or shelving scheme
ეგზემპლარები
ჩამოწერის სტატუსი დაკარგული ეგზემპლარის სტატუსი კლასიფიკაციის წყარო ან თაროზე გაწყობის სქემა დაზიანების სტატუსი არ გაიცემა მუდმივი მდებარეობა (დაცვის ადგილი) ამჟამინდელი ადგილსამყოფელი თაროზე განთავსების ადგილი შეძენის თარიღი ღირებულება, შესყიდვის ნორმალური ფასი სრული შენახვის შიფრი შტრიხკოდი ბოლო ოპერაციის თარიღი ეგზემპლარის მიმდევრობითი ნომერი (კეტერი?) ფასის ძალაში შესვლის თარიღი ეგზემპლარის სახეობა საჯარო შენიშვნა Uniform Resource Identifier
          ბათუმის შოთა რუსთაველის სახელმწიფო უნივერსიტეტის მთავარი ბიბლიოთეკა ბათუმის შოთა რუსთაველის სახელმწიფო უნივერსიტეტის მთავარი ბიბლიოთეკა წიგნსაცავი 2018-12-17 2.13 39(479.22)(092)+821.353.1-94 ნ-89 37071 2018-12-17 37071 2018-12-17 წიგნი 2 ლ. 13 თ.  
          ბათუმის შოთა რუსთაველის სახელმწიფო უნივერსიტეტის მთავარი ბიბლიოთეკა ბათუმის შოთა რუსთაველის სახელმწიფო უნივერსიტეტის მთავარი ბიბლიოთეკა წიგნსაცავი 2018-12-17 2.13 39(479.22)(092)+821.353.1-94 ნ-89 37072 2018-12-17 37072 2018-12-17 წიგნი 2 ლ. 13 თ.  
          ბათუმის შოთა რუსთაველის სახელმწიფო უნივერსიტეტის მთავარი ბიბლიოთეკა ბათუმის შოთა რუსთაველის სახელმწიფო უნივერსიტეტის მთავარი ბიბლიოთეკა წიგნსაცავი 2018-12-17 2.13 39(479.22)(092)+821.353.1-94 ნ-89 37073 2018-12-17 37073 2018-12-17 წიგნი 2 ლ. 13 თ.  
          ბათუმის შოთა რუსთაველის სახელმწიფო უნივერსიტეტის მთავარი ბიბლიოთეკა ბათუმის შოთა რუსთაველის სახელმწიფო უნივერსიტეტის მთავარი ბიბლიოთეკა წიგნსაცავი 2018-12-17 2.13 39(479.22)(092)+821.353.1-94 ნ-89 37074 2018-12-17 37074 2018-12-17 წიგნი 2 ლ. 13 თ.  
          ბათუმის შოთა რუსთაველის სახელმწიფო უნივერსიტეტის მთავარი ბიბლიოთეკა ბათუმის შოთა რუსთაველის სახელმწიფო უნივერსიტეტის მთავარი ბიბლიოთეკა წიგნსაცავი 2023-06-20 4.00 39(479.22)(092)+821.353.1-94 ნ-89 64640 2023-06-20 64640 2023-06-20 წიგნი 4 ლ. ბსუ-ს საპატიო დოქტორის გურამ ლორთქიფანიძის საჩუქარი